| 000 | 00345nam a2200145Ia 4500 | ||
|---|---|---|---|
| 008 | 230917s9999||||xx |||||||||||||| ||und|| | ||
| 040 |
_e40071 _aMAIN |
||
| 041 | _aEnglish | ||
| 082 | _a822.09 G236P | ||
| 100 | _aGaunt, William | ||
| 245 | 0 | _aPre-Raphaelite tragedy | |
| 260 |
_aLondon _bJohathan Cape _c1965 |
||
| 300 | _a256 p. | ||
| 942 | _cBK | ||
| 999 |
_c39431 _d39431 |
||